Billy Joel Lyrics Quiz (Part 34) - Statistics

General Stats
  • This quiz has been taken 45 times
  • The average score is 166 of 297
Answer Stats
Answer % Correct
a
100%
I
100%
the
93%
The
93%
and
85%
And
85%
who
85%
me
83%
‘n
83%
to
80%
love
78%
what
78%
so
75%
So
75%
you
75%
in
73%
all
70%
be
70%
is
70%
but
68%
But
68%
my
68%
She
68%
she
68%
her
65%
know
65%
It’s
63%
it’s
63%
no
63%
why
63%
are
60%
as
60%
does
60%
get
60%
got
60%
I’m
60%
for
58%
gives
58%
have
58%
how
58%
of
58%
that
58%
your
58%
at
55%
gone
55%
need
55%
say
55%
she’s
53%
She’s
53%
some
53%
there
53%
There
53%
about
50%
had
50%
night,
50%
night
50%
rock
50%
away
48%
because
48%
soul
48%
takes
48%
tells
48%
though
48%
every
45%
keep
45%
knew
45%
roll
45%
This
45%
‘Cause
43%
comes
43%
far
43%
feeling
43%
moment
43%
old
43%
out
43%
that’s
43%
things
43%
ask
40%
enough
40%
faith
40%
hard
40%
Hard
40%
hasn’t
40%
life
40%
many
40%
now
40%
pain
40%
run,
40%
Should
40%
still
40%
words
40%
deeper
38%
gonna
38%
heart
38%
miles
38%
people
38%
silence
38%
stay?
38%
strong
38%
waits
38%
You’ve
38%
ain’t
35%
alive
35%
cold
35%
devotion
35%
emotion
35%
isn’t
35%
million
35%
moments
35%
only
35%
reach
35%
someone
35%
tenderness
35%
tough,
35%
under
35%
woman’s
35%
believes
33%
cry
33%
dark,
33%
desires
33%
drive
33%
getting
33%
sometimes
33%
sorrow
33%
swear
33%
while
33%
asks
30%
control
30%
dreaming
30%
healing
30%
human
30%
knowing
30%
lost
30%
must
30%
others
30%
power
30%
smiles
30%
stronger
30%
tomorrow
30%
Who’s
30%
who’s
30%
fallen,
28%
kindness
28%
realize
28%
survive
28%
understood
28%
vain
28%
joy
25%
miracles
25%
part,
25%
standing
25%
fair
23%
trace
23%
turns
20%
No matching quizzes found
Score Distribution
Percent of People with Each Score
Percentile by Number Answered
Your Score History
You have not taken this quiz